[Event "Framingham CC-ch"]
[Site "Framingham"]
[Date "1987.04.21"]
[Round "2"]
[White "Beltran, Alejandro"]
[Black "Godoy, Jorge"]
[Result "1-0"]
[WhiteElo "1703"]
[BlackElo "1881"]
[PlyCount "74"]
[EventDate "1987.04.14"]
[EventType "swiss"]
[EventRounds "6"]
[EventCountry "USA"]
[SourceTitle "EXT 2023"]
[Source "ChessBase"]
[SourceDate "2022.10.05"]
[SourceVersion "1"]
[SourceVersionDate "2022.10.05"]
[SourceQuality "1"]

1. d4 d5 2. Nf3 e6 3. c4 c5 4. cxd5 exd5 5. Nc3 c4 6. g3 h6 7. Bg2 Nf6 8. 0-0 Nc6 9. b3 cxb3 10. Qxb3 a6 11. Ne5 Be6 12. Rd1 Be7 13. e4 Na5 14. Qa4+ b5 15. Qc2 Rc8 16. Qd3 0-0 17. Qf3 dxe4 18. Nxe4 Nd5 19. Nc5 Nc6 20. Nxe6 fxe6 21. Qg4 Rf6 22. Be3 Qe8 23. Rac1 Nxe3 24. fxe3 Nxe5 25. dxe5 Rxc1 26. Rxc1 Rg6 27. Qh5 Qf7 28. Rf1 Rf6 29. exf6 Qxh5 30. fxe7 Qe8 31. Rf8+ Qxf8 32. exf8R+ Kxf8 33. Kf2 Ke7 34. Ke2 Kd6 35. Kd3 Kc5 36. Ke4 Kd6 37. Bf1 g6 1-0